[Event "Czech Open-GM 2022"]
[Site "Pardubice"]
[Date "2022.07.30"]
[Round "9.42"]
[White "Malek, Daniel"]
[Black "Bares, Jachym"]
[Result "1-0"]
[WhiteElo "2355"]
[BlackElo "2129"]
[Annotator "TA"]
[PlyCount "93"]
[EventDate "2022.07.22"]
[EventType "swiss"]
[EventCountry "CZE"]
[SourceTitle "playchess.com"]
[Source "ChessBase"]
[SourceQuality "1"]

1. e4 e5 2. Nf3 Nc6 3. Bb5 a6 4. Ba4 Nf6 5. O-O Be7 6. d3 b5 7. Bb3 O-O 8. a4 b4 9. a5 d5 10. exd5 Nxd5 11. Re1 Bg4 12. h3 Bh5 13. g4 Bg6 14. Nxe5 Nxe5 15. Rxe5 c6 16. Nd2 Bd6 17. Re1 Nf4 18. Qf3 Qh4 19. Nc4 Nxh3+ 20. Kg2 Bc5 21. Be3 Bxe3 22. Rxe3 Ng5 23. Qg3 Qxg3+ 24. Kxg3 Ne6 25. Nb6 Ra7 26. Bxe6 fxe6 27. b3 Raf7 28. f3 h5 29. Nc4 hxg4 30. Ne5 Rf6 31. fxg4 Be8 32. Rae1 c5 33. Nf3 Bd7 34. Ng5 Rf2 35. R3e2 R2f4 36. Re5 g6 37. R1e2 Kg7 38. Nxe6+ Bxe6 39. Rxe6 Rf3+ 40. Kh4 Kh6 41. R2e5 c4 42. dxc4 Rf2 43. Rh5+ Kg7 44. Rc5 Kh6 45. Rcc6 Rg8 46. Rxa6 Kh7 47. Kg5 1-0

[Event "Czech Open-GM 2022"]
[Site "Pardubice"]
[Date "2022.07.30"]
[Round "9.43"]
[White "Johnson, Donald"]
[Black "Frank, Adam"]
[Result "1/2-1/2"]
[WhiteElo "2186"]
[BlackElo "2313"]
[Annotator "TA"]
[PlyCount "162"]
[EventDate "2022.07.22"]
[EventType "swiss"]
[EventCountry "CZE"]
[SourceTitle "playchess.com"]
[Source "ChessBase"]
[SourceQuality "1"]

1. e4 c5 2. Nf3 d6 3. d4 cxd4 4. Nxd4 Nf6 5. Nc3 a6 6. h3 e5 7. Nb3 h5 8. Bg5 Be6 9. f4 Be7 10. f5 Bd7 11. Qf3 Bc6 12. O-O-O Nbd7 13. Be2 b5 14. Be3 b4 15. Nd5 Bxd5 16. exd5 Nb6 17. Na5 Nbxd5 18. Nc6 Qc7 19. Nxe7 Nxe3 20. Qxe3 Kxe7 21. g4 Qc5 22. Qf3 Rac8 23. Bd3 Qc6 24. Qxc6 Rxc6 25. g5 Ne8 26. Rhf1 d5 27. Be2 Nc7 28. Bf3 e4 29. Rfe1 Rd6 30. h4 g6 31. f6+ Kd7 32. Bg2 Kc6 33. Rd2 Re8 34. Re3 Nb5 35. Kd1 Re5 36. Rf2 Rde6 37. Rfe2 Nd4 38. Re1 Nf5 39. Rb3 Nxh4 40. Bh3 Rd6 41. Rxb4 Nf3 42. Re3 d4 43. Ra3 Rxg5 44. Rb8 Kc7 45. Rc8+ Kb7 46. Re8 Rxf6 47. Rxe4 Rg1+ 48. Ke2 Re1+ 49. Kd3 Rd1+ 50. Kc4 Nd2+ 51. Kxd4 Nxe4+ 52. Kxe4 Rfd6 53. Rb3+ Kc7 54. Rf3 R1d4+ 55. Ke3 f5 56. Bf1 Re4+ 57. Kf2 Rd2+ 58. Kg3 Rg4+ 59. Kh3 Rxc2 60. Bxa6 Rxb2 61. Rc3+ Kb6 62. Bc8 h4 63. a4 Rg3+ 64. Rxg3 hxg3 65. Kxg3 Ra2 66. Bd7 Kc7 67. Be8 g5 68. Bg6 Ra3+ 69. Kf2 f4 70. Be8 Kd6 71. Bb5 Ke5 72. Bd7 Ke4 73. Bc6+ Kf5 74. Bd7+ Kg6 75. Be8+ Kh6 76. Bd7 Kh5 77. Be8+ Kh4 78. Kg2 g4 79. Kf2 Ra2+ 80. Kf1 Kg3 81. a5 Rxa5 1/2-1/2

[Event "Czech Open-GM 2022"]
[Site "Pardubice"]
[Date "2022.07.30"]
[Round "9.44"]
[White "Sorm, Daniel"]
[Black "Mondrzycki, Bartlomiej"]
[Result "1-0"]
[WhiteElo "2308"]
[BlackElo "2180"]
[Annotator "TA"]
[PlyCount "76"]
[EventDate "2022.07.22"]
[EventType "swiss"]
[EventCountry "CZE"]
[SourceTitle "playchess.com"]
[Source "ChessBase"]
[SourceQuality "1"]

1. d4 Nf6 2. c4 g6 3. Nc3 Bg7 4. e4 d6 5. h3 O-O 6. Bg5 a6 7. Nf3 c5 8. d5 b5 9. Qc2 h6 10. Be3 e6 11. dxe6 Bxe6 12. cxb5 Qa5 13. Nd2 Rc8 14. Bc4 axb5 15. Bxe6 fxe6 16. e5 Nfd7 17. Qxg6 Nf8 18. Qg3 d5 19. Bxh6 Rc7 20. O-O Nc6 21. Nf3 Rf7 22. a4 Ne7 23. Nh4 Kh8 24. Bg5 b4 25. Nb5 Nc6 26. f4 Rd7 27. Qg4 c4 28. Rf3 Qb6+ 29. Kh2 Nd4 30. Nxd4 Qxd4 31. Rg3 Qxb2 32. Bf6 Raa7 33. f5 Qxa1 34. fxe6 Nxe6 35. Qxe6 Qxa4 36. Ng6+ Kh7 37. Nf8+ Kh8 38. Nxd7 Qa5 1-0